00490pab a2200157 454500008004000000100001900040245009100059260000900150300001300159650002000172650003900192650003100231650001400262700001900276773003700295180718b2005 xxu||||| |||| 00| 0 eng d aTyagi, Krishan aParticipation of scheduled and backward castes in panchayats: an experience of Haryana c2005 ap.58-75. aScheduled caste aBackward classes - India - Haryana aPanchayat - India - Haryan aPanchayat aKaur, Amandeep aResearch Journal Social Sciences